000 00525nam a22001937a 4500
003 OSt
005 20240617152851.0
008 240617b |||||||| |||| 00| 0 eng d
020 _a97807167956112
040 _cMUST
082 _a523.1 FREE 2000
100 _aFreedman Roger A
_95660
245 _aSTARS AND GALAXIES
_bUNIVERSE
_cRoger A Freedman
300 _axxix,762p
_bcol. ill
_c27.5cm
504 _aAppendices, glossary indexes
600 _2physics
700 _aKaufmann III William J
_917375
942 _2ddc
_cO_SHELF
999 _c8565
_d8565